[Event "Barcelona Sant Marti op-B 16th"]
[Site "Barcelona"]
[Date "2014.07.20"]
[Round "8"]
[White "Bes Alvarez, Alex"]
[Black "Navarro Pastor, Raul"]
[Result "0-1"]
[WhiteElo "1734"]
[BlackElo "1868"]
[PlyCount "118"]
[EventDate "2014.07.13"]
[EventType "swiss"]
[EventRounds "9"]
[EventCountry "ESP"]
[SourceTitle "CBM 161 Extra"]
[Source "ChessBase"]
[SourceDate "2014.08.29"]
[SourceVersion "1"]
[SourceVersionDate "2014.08.29"]
[SourceQuality "1"]

1. d4 Nf6 2. Nf3 g6 3. e3 Bg7 4. Bd3 0-0 5. 0-0 d6 6. e4 Nc6 7. h3 Re8 8. Nc3 e5 9. dxe5 Nxe5 10. Nxe5 Rxe5 11. f4 Re8 12. Be3 Bd7 13. Qd2 Bc6 14. f5 Nxe4 15. Bxe4 Bxe4 16. Nxe4 Rxe4 17. fxg6 hxg6 18. c3 d5 19. Rab1 d4 20. Bxd4 Bxd4+ 21. cxd4 Qxd4+ 22. Qxd4 Rxd4 23. Rfe1 Kf8 24. Kh2 Rad8 25. Rec1 c6 26. a3 Rd2 27. Re1 Rc2 28. Rg1 Rdd2 29. b4 Ke7 30. Rbe1+ Kd6 31. Re8 Kd7 32. Rb8 Kc7 33. Rf8 Rf2 34. Re8 Kb6 35. Re7 Ra2 36. Re3 a6 37. Kg3 Kb5 38. Ra1 Rxg2+ 39. Kf3 Raf2+ 40. Ke4 Re2 41. Rxe2 Rxe2+ 42. Kd4 f5 43. Kc3 Re3+ 44. Kd4 Rxh3 45. Ke5 Rg3 46. Kf6 Ka4 47. Ke5 Rxa3 48. Rxa3+ Kxa3 49. Kf6 f4 50. Kxg6 f3 51. b5 f2 52. bxa6 bxa6 53. Kg5 f1Q 54. Kg4 Qf2 55. Kg5 Qf3 56. Kg6 Qf4 57. Kg7 Qf5 58. Kg8 Qf6 59. Kh7 Qg5 0-1

[Event "Barcelona Sant Marti op-B 16th"]
[Site "Barcelona"]
[Date "2014.07.19"]
[Round "7"]
[White "Navarro Pastor, Raul"]
[Black "Cervera Lopez, Miguel"]
[Result "0-1"]
[WhiteElo "1868"]
[BlackElo "1700"]
[PlyCount "90"]
[EventDate "2014.07.13"]
[EventType "swiss"]
[EventRounds "9"]
[EventCountry "ESP"]
[SourceTitle "CBM 161 Extra"]
[Source "ChessBase"]
[SourceDate "2014.08.29"]
[SourceVersion "1"]
[SourceVersionDate "2014.08.29"]
[SourceQuality "1"]

1. e4 e5 2. Nf3 d6 3. d4 Bg4 4. Be2 Bxf3 5. Bxf3 exd4 6. Qxd4 Nc6 7. Qd1 Ne5 8. Nc3 Nf6 9. Be3 Be7 10. Be2 0-0 11. f4 Nc6 12. Qd2 Nd7 13. 0-0-0 f6 14. g4 a6 15. Bc4+ Kh8 16. h4 Nb6 17. Bb3 Na5 18. Be6 Nac4 19. Qe2 Nxe3 20. Qxe3 Nd7 21. g5 Nc5 22. Bg4 c6 23. gxf6 Rxf6 24. h5 Rxf4 25. Bf5 Rxf5 26. Kb1 Re5 27. Rdg1 Bg5 28. Qf3 Qf6 29. Qg3 Rf8 30. a3 Nxe4 31. Nxe4 Rxe4 32. Ka2 Qe6+ 33. b3 h6 34. Qd3 Qe5 35. Rb1 b5 36. Rhd1 d5 37. Qh3 Bf6 38. Qf3 Re2 39. Qd3 Qh2 40. Rbc1 Rfe8 41. Qg6 Qe5 42. Rb1 Qc3 43. Rdc1 c5 44. Qf5 d4 45. Qd7 d3 0-1